000 00390nam a2200157Ia 4500
008 160316s1965 xxu||||| |||| 00| 0 eng d
082 _a340.094700
_bALA
100 _aLafave Wayne R
245 _aLaw in the Soviet society
250 _a
260 _aUrbana
_bUniversity of Illinois Press
_c1965
300 _a297p
_b20 cm
_c
365 _b$9.95
650 _a1.Biographies
700 _a
_a
999 _c3934
_d3934